|
|
|
|
| LEADER |
02221nam a2200529 a 4500 |
| 001 |
000634108 |
| 003 |
CZ BrMZK |
| 005 |
20110405133446.0 |
| 007 |
ta |
| 008 |
021101s2002 xr f f cze d |
| 015 |
|
|
|a cnb001195770
|z cnb001244610
|
| 020 |
|
|
|a 80-210-2956-0
|
| 035 |
|
|
|a (OCoLC)53274603
|
| 040 |
|
|
|a BOA001
|b cze
|
| 043 |
|
|
|a e-xr---
|
| 072 |
|
7 |
|a 352/354
|x Stupně místní, oblastní a ústřední správy
|2 Konspekt
|9 15
|
| 080 |
|
|
|a 338.49
|2 MRF
|
| 080 |
|
|
|a 352.9
|2 MRF
|
| 080 |
|
|
|a 36
|2 MRF
|
| 080 |
|
|
|a 614
|2 MRF
|
| 080 |
|
|
|a 502:338.23
|2 MRF
|
| 080 |
|
|
|a (437.3)
|2 MRF
|
| 080 |
|
|
|a (082)
|2 MRF
|
| 080 |
|
|
|a (035)
|2 MRF
|
| 100 |
1 |
|
|a Rektořík, Jaroslav,
|d 1937-
|7 jn20000810187
|4 aut
|
| 245 |
1 |
0 |
|a Jak řídit kraj, město, obec :
|b rukověť územní samosprávy.
|n III. díl,
|p Sociální a technická infrastruktura /
|c Jaroslav Rektořík, Jan Šelešovský a kolektiv
|
| 246 |
1 |
|
|a Jak řídit kraj, město a obec
|
| 246 |
3 |
4 |
|a Sociální a technická infrastruktura
|
| 250 |
|
|
|a 1. vyd.
|
| 260 |
|
|
|a Brno :
|b Masarykova univerzita,
|c 2002
|
| 300 |
|
|
|a 135 s., [5] s. obr. příl. ;
|c 30 cm
|
| 504 |
|
|
|a Obsahuje bibliografické odkazy a bibliografii
|
| 500 |
|
|
|a Dostupné též v digitální podobě v aplikaci Kramerius
|
| 650 |
0 |
7 |
|a environmentální politika
|7 ph119960
|z Česko
|2 czenas
|
| 650 |
0 |
7 |
|a infrastruktura
|7 ph114775
|z Česko
|2 czenas
|
| 650 |
0 |
7 |
|a územní samospráva
|7 ph128366
|z Česko
|2 czenas
|
| 650 |
0 |
7 |
|a sociální politika
|7 ph116210
|z Česko
|2 czenas
|
| 650 |
0 |
7 |
|a zdravotní politika
|7 ph127579
|z Česko
|2 czenas
|
| 655 |
|
7 |
|a příručky
|7 fd133209
|2 czenas
|
| 655 |
|
7 |
|a sborníky
|7 fd163935
|2 czenas
|
| 700 |
1 |
|
|a Šelešovský, Jan,
|d 1947-
|7 jn20010309844
|4 aut
|
| 710 |
2 |
|
|a Masarykova univerzita.
|b Ekonomicko-správní fakulta
|7 kn20010709273
|
| 856 |
4 |
1 |
|u http://www.digitalniknihovna.cz/mzk/uuid/uuid:b0154800-56dc-11ea-8f2f-005056827e52
|y Digitalizovaný dokument
|x NDK
|
| 910 |
|
|
|a BOA001
|b 4-1109.277,3
|
| 990 |
|
|
|a BK
|
| 996 |
6 |
|
|b 2610173475
|c 4-1109.277,3
|l MZK
|r Sklad / do 1 hodiny
|n 1
|p kup
|w 000634108
|u 000010
|a 1
|e BOA001
|j MZK50
|s P
|
| 996 |
7 |
|
|b 2610174051
|c 4-1109.277,3
|l MZK
|r Sklad / do 1 hodiny
|n 32
|p kup
|w 000634108
|u 000020
|a 1
|e BOA001
|j MZK50
|s A
|